| 000 | 01015nas a2200265 i 4500 | ||
|---|---|---|---|
| 001 | 720 | ||
| 003 | ES-MaACL | ||
| 005 | 20250407094714.0 | ||
| 007 | t| | ||
| 008 | 950801d19741975sp | | 1 ||pa d | ||
| 080 | _a(051) | ||
| 245 | 0 | 0 |
_aContrastes : _brevista mensual de información general / _c[dir. Francisco Daunis]. |
| 260 |
_aMadrid, etc : _b[Sedmay], _c1974 ( _fGráficas Unidas) |
||
| 300 |
_a1 v. : _bgrab. ; _c29 cm. |
||
| 310 | _aMensual | ||
| 362 | 0 | _aN. 1 (jul. 1974)- (1975) | |
| 650 | 1 | 4 |
_aRevistas de información general. _916896 |
| 655 | 7 |
_2tgfbne _9226866 _aRevistas |
|
| 700 | 1 |
_aDaunis, Francisco, _9227505 |
|
| 852 |
_aES-MaACL _jHEM-H-271 _dOlim: hem-1438 _9742 _cHEM _zExpurgada marzo 2025: sin encuadernar; en acceso abierto; muy incompleto; completa colección de BNE. |
||
| 856 |
_uhttps://www.cervantesvirtual.com/partes/639349/atlantico--revista-de-cultura-contemporanea _yBiblioteca Virtual Miguel de Cervantes |
||
| 866 | 0 | _o(1975) | |
| 942 | _2udc | ||
| 999 |
_c720 _d720 |
||